000 00345nam a22001337a 4500
008 230703b xxu||||| |||| 00| 0 eng d
082 _a352
_bAKI
100 _cSK kivaga W Kulundu-Bitonye
245 _alocal Authorities in kenya
260 _aNairobi
_bHeinemann Educational Books
_c1985
300 _a89p
700 _cM.W opi
942 _2ddc
_cBK
999 _c3195
_d3195